İstanbul Başakşehir FK Squad 2023-2024 - Statistics

General Stats
  • This quiz has been taken 17 times
    14 since last reset
  • The average score is 15 of 39
Answer Stats
# Position Nation Player % Correct
27 DF Senegal Ousseynou Ba
100%
1 GK Turkey Volkan Babacan
89%
14 MF Greece Dimitrios Pelkas
78%
9 FW Poland Krzysztof Piątek
78%
- Coach Turkey Çağdaş Atan
56%
8 MF Serbia Danijel Aleksić
56%
23 FW Turkey Deniz Türüç
56%
- Coach Turkey Emre Belözoğlu
56%
6 DF Brazil Lucas Lima
56%
16 GK Turkey Muhammed Şengezer
56%
17 FW Senegal Philippe Keny
56%
7 FW Turkey Serdar Gürler
56%
98 GK Turkey Deniz Dilmen
44%
90 MF Israel Eden Karzev
44%
3 DF Ghana Jerome Opoku
44%
21 MF Turkey Mahmut Tekdemir
44%
10 MF Turkey Berkay Özcan
33%
11 FW Brazil Davidson
33%
99 FW Nigeria Emmanuel Dennis
33%
25 FW Brazil João Figueiredo
33%
5 DF Brazil Léo Duarte
33%
15 DF France Léo Dubois
33%
19 MF Algeria Mehdi Abeid
33%
20 MF Cameroon Olivier Kemen
33%
42 DF Turkey Ömer Ali Şahiner
33%
4 MF Turkey Onur Ergün
33%
88 DF Turkey Cemali Sertel
22%
32 DF Guinea-Bissau Edgar Ié
22%
29 FW Turkey Efecan Barlık
22%
85 MF Ivory Coast Mohamed Hassan Fofana
22%
18 FW Poland Patryk Szysz
22%
89 MF Brazil Souza
22%
91 FW Turkey Batuhan Çelik
11%
80 MF Turkey Berkay Aydoğmuş
11%
70 DF Turkey Burak Sefa Kavraz
11%
26 MF Turkey Emirhan İlkhan
11%
34 DF Turkey Yağız Dilek
11%
41 DF Turkey Efe Arda Koyuncu
0%
24 DF Turkey Eren Karaağaç
0%
No matching quizzes found
Score Distribution
Percent of People with Each Score
Percentile by Number Answered
Your Score History
You have not taken this quiz since the last reset